| 000 | 00546nam a2200181Ia 4500 | ||
|---|---|---|---|
| 003 | OSt | ||
| 005 | 20200804130204.0 | ||
| 008 | 190216s9999||||xx |||||||||||||| ||und|| | ||
| 020 | _a8170146909 | ||
| 040 | _coclc | ||
| 082 |
_a519.72 _bGUP/L |
||
| 100 | 1 |
_aGupta, P. K., _9133 _cPh. D., D. Litt. |
|
| 245 | 0 |
_aLinear Programming And Theory Of Games / _cP K Gupta ; Man Mohan |
|
| 250 | _a9th Ed. | ||
| 260 |
_bSulthan Chand&Sons, _c2000. _aNew Delhi: |
||
| 300 | _a482p | ||
| 942 |
_cBK _2ddc _h519.72 _iGUP/L _k519.72 _mGUP/L |
||
| 999 |
_c31776 _d31776 |
||